01958nam a2200277 a 450000100100000000500170001000800410002702000180006804000250008608200150011124502930012626000460041930000360046550507940050150000740129570000340136970000300140370000340143370000310146770000230149870000320152170000340155370000300158770000280161770000350164500004821520240301073825.0181206s2016 dr ac 000 m spa d a9789945423396 aDO-SdBNPbspacBNPHU axxxxbxxxx04aUna mirada a la inmigración española de 1939-40 en Santo Domingo :bdisertaciones presentadas en la Univesidad APEC semanas de España en la República Dominicana 2015 /cJosé del Castillo Pichardo ... [et al.] ; Presentación, Francisco D' Oleo ; Introducción, Jaime Lacadena. aSanto Domingo :bUniversidad APEC,c2016. a141 p. :bii., retrs. ;c23 cm.0 aPresentación, Francisco D' Oleo --tIntroducción, Jaime Lacadena --tImpacto de la inmigración española de 1939-40 en la sociedad dominicana --rJosé del Castillo Pichardo --tEl exilio republicano en Santo Domingo y sus aportes /rNatalia González Tejera --tEn tierras extrañas. El arribo y adaptación de refugiados españoles a Santo Domingo, 1939-1946 /rBernardo Vega --tLa migración española de 1939 y su impacto sobre los dominicanos /tUna mirada a la influencia en el arte y el pensamiento social dominicano --rLaura Gil Fiallo --tInfluencia española en el arte dominicano /rAndrés L. Mateo --t¿Qué trajeron los intelectuales españoles? /rDiógenes Céspedes --tSegundo Serrano Poncela: un enigma para siete ciudades /tSobres los autores -- aIncluye referencias bibliográficas y notas al pie de las páginas.1 aD' Oleo, Francisco,ePresent.1 aLacadena, Jaime,eIntrod.1 aCastillo Pichardo, José del1 aGonzález Tejera, Natalia1 aGil Fiallo, Laura.1 aMateo, Andrés L.,d 1946-1 aD' Oleo, Francisco,ePresent.1 aLacadena, Jaime,eIntrod.1 aVega, Bernardo,d1938 -1 aCéspedes, Diógenes,d1941-